Catálogo Biblioteca Central

The European Bank for Reconstruction and Development (Registro nro. 16792)

Detalles MARC
000 -CABECERA
campo de control de longitud fija 00635naa a2200217 i 4500
001 - NÚMERO DE CONTROL
campo de control 16792
003 - IDENTIFICADOR DEL NÚMERO DE CONTROL
campo de control ES-MaBCM
005 - FECHA Y HORA DE LA ÚLTIMA TRANSACCIÓN
campo de control 20241016093721.0
008 - CÓDIGOS DE INFORMACIÓN DE LONGITUD FIJA
campo de control de longitud fija 911210s1991 nld 000 0 eng d
021 ## -
-- xx
035 ## - NÚMERO DE CONTROL DEL SISTEMA
Número de control de sistema (OCoLC)1365215938
040 ## - FUENTE DE LA CATALOGACIÓN
Centro transcriptor ES-MaBCM
041 0# - CÓDIGO DE LENGUA
Código de lengua del texto/banda sonora o título independiente eng
043 ## - CÓDIGO DE ÁREA GEOGRÁFICA
Código de área geográfica nld
100 1# - PUNTO DE ACCESO PRINCIPAL - NOMBRE DE PERSONA
Nombre de persona Dunnet, D. R. R.
9 (RLIN) 13576
245 14 - MENCIÓN DE TÍTULO
Título The European Bank for Reconstruction and Development
Resto del título : a legal survey
Mención de responsabilidad etc. D. R. R. Dunnet
650 27 - PUNTO DE ACCESO ADICIONAL DE MATERIA--TÉRMINO DE MATERIA
Término de materia o nombre geográfico como elemento inicial Banco de desarrollo
9 (RLIN) 57701
651 24 - PUNTO DE ACCESO ADICIONAL DE MATERIA--NOMBRE GEOGRÁFICO
Nombre geográfico Europa
9 (RLIN) 115402
773 0# - ENLACE AL DOCUMENTO FUENTE
Encabezamiento principal En:
Título Common market law review
Lugar editor y fecha de publicación Dordrecht : 1991
Número de control del registro relacionado 104617
Parte(s) relacionada(s) nº 3, otoño ; p. 571-597
942 ## - ELEMENTOS DE PUNTO DE ACCESO ADICIONAL (KOHA)
Tipo de ítem Koha Artículos de revistas
Existencias
Estado de retiro Estado de pérdida Estado dañado No para préstamo Localización permanente Ubicación/localización actual Fecha de adquisición Precio válido a partir de Tipo de ítem Koha
        Biblioteca Central del Ministerio de la Presidencia Biblioteca Central del Ministerio de la Presidencia 21/04/2012 21/04/2012 Artículos de revistas